000 00498nam a2200181Ia 4500
005 20250508153150.0
008 008 250505s9999 xx 000 0 eng d
037 _aTextual
040 _aFEDL
_beng
_cFEDL
041 _aeng
_2eng
084 _a550.1, EVA
_qFEDL
100 _aEvans I O
_9131570
245 0 _aBoys' book of rocks and fossils
260 _aLondon, UK
_bBurke Publishing Co. Ltd
_c1961
300 _a144p
942 _cTEXL
_h550.1, EVA
999 _c1340989
_d1340989